Dog Breed to Country #1 - Statistics

General Stats
  • This quiz has been taken 31 times
  • The average score is 12 of 15
Answer Stats
Hint Answer % Correct
Newfoundland Canada
92%
Boxer Germany
92%
Akito Japan
92%
Malamute United States
92%
Chihuahua Mexico
88%
Kerry Blue Ireland
83%
Maltese Malta
83%
Samoyed Russia
75%
Pembroke Corgi Wales
75%
Havanese Cuba
71%
Basset Hound France
71%
Golden Retriever Scotland
71%
Pug China
67%
Beagle England
67%
Dalmation Croatia
50%
No matching quizzes found
Score Distribution
Percent of People with Each Score
Percentile by Number Answered
Your Score History
You have not taken this quiz